The 1970s Movies Picture Quiz - Statistics

General Stats
  • This quiz has been taken 2,849 times
  • The average score is 27 of 50
Answer Stats
Picture Hint Answer % Correct
1975 Jaws
97%
1978 Superman
97%
1972 The Godfather
96%
1976 Rocky
94%
1977 Star Wars: Episode IV - A New Hope
94%
1971 Willy Wonka & the Chocolate Factory
94%
1976 King Kong
91%
1978 Grease
89%
1976 Taxi Driver
84%
1979 Alien
83%
1977 Saturday Night Fever
77%
1975 Monty Python and the Holy Grail
75%
1971 A Clockwork Orange
74%
1975 One Flew Over the Cuckoo's Nest
74%
1973 The Exorcist
74%
1976 Carrie
71%
1978 Halloween
68%
1979 The Muppet Movie
68%
1971 Dirty Harry
63%
1972 Cabaret
59%
1970 Patton
56%
1974 The Texas Chain Saw Massacre
56%
1979 Apocalypse Now
55%
1977 Close Encounters of the Third Kind
55%
1979 Kramer vs. Kramer
52%
1970 M*A*S*H
51%
1974 Blazing Saddles
49%
1976 All the President's Men
44%
1974 Chinatown
43%
1971 The French Connection
43%
1973 The Sting
43%
1973 Enter the Dragon
41%
1975 The Rocky Horror Picture Show
41%
1971 Fiddler on the Roof
39%
1970 Let It Be
39%
1977 Smokey and the Bandit
39%
1970 Love Story
38%
1974 The Towering Inferno
37%
1979 10
32%
1972 Deliverance
32%
1973 Westworld
30%
1973 American Graffiti
29%
1974 The Longest Yard
27%
1978 Dawn of the Dead
26%
1978 Heaven Can Wait
21%
1970 Airport
16%
1977 The Deep
8%
1975 The Sunshine Boys
6%
1972 Solaris
4%
1972 Indian Summer
2%
No matching quizzes found
Score Distribution
Percent of People with Each Score
Percentile by Number Answered
Your Score History
You have not taken this quiz